El caballero de El Dorado / (Record no. 25503)

MARC details
000 -LEADER
campo de control de longitud fija 00721nam a2200229 i 4500
001 - NÚMERO DE CONTROL
campo de control 25503
003 - IDENTIFICADOR DE NÚMERO DE CONTROL
campo de control ES-MaACL
005 - FECHA Y HORA DE LA ÚLTIMA TRANSACCIÓN
campo de control 20230906153300.0
007 - CAMPO FIJO DE DESCRIPCIÓN FÍSICA--INFORMACIÓN GENERAL
campo de control de longitud fija t|
008 - DATOS DE LONGITUD FIJA--INFORMACIÓN GENERAL
campo de control de longitud fija 021226s1969 sp ||||1| spa d
080 ## - NÚMERO DE LA CLASIFICACIÓN DECIMAL UNIVERSAL
Número de la Clasificación Decimal Universal 929 Jiménez de Quesada Gonzalo
100 1# - ENTRADA PRINCIPAL--NOMBRE DE PERSONA
Nombre de persona Arciniegas, Germán.
9 (RLIN) 22498
245 13 - MENCIÓN DEL TÍTULO
Título El caballero de El Dorado /
Mención de responsabilidad, etc. Germán Arciniegas.
260 ## - PUBLICACIÓN, DISTRIBUCIÓN, ETC.
Lugar de publicación, distribución, etc. Madrid :
Nombre del editor, distribuidor, etc. Revista de Occidente,
Fecha de publicación, distribución, etc. [1969]
300 ## - DESCRIPCIÓN FÍSICA
Extensión 244 p. ;
Dimensiones 22 cm.
490 1# - MENCIÓN DE SERIE
Mención de serie Cimas de América
600 14 - PUNTO DE ACCESO ADICIONAL DE MATERIA--NOMBRE DE PERSONA
Nombre de persona Jiménez de Quesada, Gonzalo.
9 (RLIN) 152425
651 #4 - PUNTO DE ACCESO ADICIONAL DE MATERIA--NOMBRE GEOGRÁFICO
Nombre geográfico Colombia-
Subdivisión general Historia-
Subdivisión cronológica 1499-1550, Descubrimiento y conquista.
9 (RLIN) 152427
830 1# - PUNTO DE ACCESO ADICIONAL DE SERIE-TÍTULO UNIFORME
Título uniforme Cimas de América
9 (RLIN) 180982
852 ## - LOCALIZACIÓN
Ubicación ES-MaACL
Número de control de estantería C-38787
Holdings
Estatus retirado Estado de pérdida Estado de daño No para préstamo Biblioteca de origen Biblioteca actual Ubicación en estantería Fecha de adquisición Fuente de adquisición Total de préstamos Signatura topográfica completa Código de barras Visto por última vez Precio de reemplazo Tipo de ítem Koha
        Biblioteca del Ateneo de Madrid Biblioteca del Ateneo de Madrid Depósito 2 17/01/2008     C-38787 1026297 23/02/2023 23/02/2023 Libro impreso